Crisis y conflicto en el capitalismo latinoamericano: lecturas políticas /

Salvato in:
Dettagli Bibliografici
Autore principale: Levy, Bettina
Enti autori: CLACSO, Asdi
Altri autori: comp
Natura: testo
Pubblicazione: Buenos Aires: CLACSO
Soggetti:
Tags: Aggiungi Tag
Nessun Tag, puoi essere il primo ad aggiungerne!!

MARC

LEADER 00000 a a2200000 04500
001 28577
003
040
020 |a 950-9231-80-0  
090 |a 189106  
100 |a Levy, Bettina  
110 |a CLACSO  
245 |a Crisis y conflicto en el capitalismo latinoamericano: lecturas políticas /  |c CLACSO  
260 |a Buenos Aires:   |b CLACSO  
300 |a 355 p   |b **no definido**  
650 |a CONFLICTOS  
650 |a MOVIMIENTO SOCIAL  
650 |a PARTICIPACION COMUNITARIA  
650 |a GRUPOS SOCIALES  
650 |a GOBIERNO LOCAL  
650 |a CONDICIONES ECONOMICAS  
700 |a comp  
710 |a Asdi  
999 |c 3660  |d 3660